[Event "VI Festival A"]
[Site "Trieste ITA"]
[Date "2004.09.10"]
[Round "7"]
[White "Boldrin, Marco"]
[Black "Spinetti, Paolo"]
[Result "0-1"]
[WhiteElo "1877"]
[BlackElo "2162"]
[PlyCount "88"]
[EventDate "2004.09.04"]

1. e4 e6 2. d4 d5 3. Nd2 Nf6 4. e5 Nfd7 5. Ngf3 Be7 6. Bd3 c5 7. c3 Nc6 8. Bb1
b6 9. O-O Bb7 10. Re1 Qc7 11. Nf1 h6 12. a3 O-O-O 13. Qe2 Rdg8 14. c4 Nxd4 15.
Nxd4 cxd4 16. cxd5 Bxd5 17. Bd2 Kb8 18. Bd3 Qb7 19. f3 g5 20. Ba6 Qa8 21. Bb4
Nc5 22. Nd2 Bb7 23. Bd3 a6 24. Rac1 g4 25. Be4 gxf3 26. Qxf3 Bg5 27. Bxc5 Bxd2
28. Bd6+ Ka7 29. Rc7 Rb8 30. Re2 Be3+ 31. Kh1 Rhc8 32. Rec2 Rxc7 33. Rxc7 Rc8
34. Qxf7 Rxc7 35. Qxc7 Qc8 36. Qxc8 Bxc8 37. g3 d3 38. Kg2 d2 39. Bc2 Bb7+ 40.
Kf1 Bf3 41. Bb4 d1=Q+ 42. Bxd1 Bxd1 43. Kg2 Bd4 44. Bf8 h5 0-1

[Event "VI Festival A"]
[Site "Trieste ITA"]
[Date "2004.09.10"]
[Round "7"]
[White "Chiandussi, Livio"]
[Black "Costariol, Elena"]
[Result "0-1"]
[WhiteElo "1515"]
[BlackElo "1554"]
[PlyCount "60"]
[EventDate "2004.09.04"]

1. d4 Nf6 2. c4 g6 3. Nc3 Bg7 4. e4 d6 5. f4 O-O 6. Nf3 c5 7. d5 e6 8. e5 dxe5
9. fxe5 Ng4 10. Bf4 Nd7 11. Qe2 Nb6 12. h3 Nh6 13. Qe3 Nf5 14. Qxc5 Bd7 15. Rd1
Rc8 16. Qb4 Qc7 17. b3 exd5 18. Nxd5 Nxd5 19. Rxd5 Be6 20. Rd2 Rfd8 21. Be2
Rxd2 22. Qxd2 Rd8 23. Qc3 b5 24. O-O Rc8 25. Rc1 bxc4 26. Bxc4 Bxc4 27. Qxc4
Qb6+ 28. Kh2 Rxc4 29. Rxc4 f6 30. g4 Qf2+ 0-1

[Event "VI Festival A"]
[Site "Trieste ITA"]
[Date "2004.09.10"]
[Round "7"]
[White "De Poi, Paolo"]
[Black "Pechy, Alaster"]
[Result "1/2-1/2"]
[WhiteElo "2223"]
[BlackElo "2138"]
[PlyCount "32"]
[EventDate "2004.09.04"]

1. e4 c5 2. Nf3 Nc6 3. Bb5 g6 4. O-O Bg7 5. Re1 Qb6 6. Na3 Nf6 7. c3 O-O 8. h3
d5 9. e5 Ne8 10. d3 Nc7 11. Ba4 h6 12. Rb1 Bf5 13. g4 Be6 14. d4 cxd4 15. cxd4
a6 16. Be3 Nb5 1/2-1/2

[Event "VI Festival A"]
[Site "Trieste ITA"]
[Date "2004.09.10"]
[Round "7"]
[White "Devetak, Robert"]
[Black "Buzzurro, Mario"]
[Result "0-1"]
[WhiteElo "1488"]
[BlackElo "1700"]
[PlyCount "114"]
[EventDate "2004.09.04"]

1. e4 b6 2. d4 e6 3. Nc3 Bb7 4. f4 Qh4+ 5. g3 Qd8 6. Nf3 h5 7. Be3 f5 8. e5 h4
9. Rg1 Nc6 10. Be2 hxg3 11. hxg3 Bb4 12. Qd3 Nge7 13. O-O-O Bxc3 14. Qxc3 Nd5
15. Qd3 Ncb4 16. Qb3 Nxe3 17. Qxe3 Nxa2+ 18. Kb1 Nb4 19. Rh1 Rg8 20. Qb3 Qe7
21. Rh7 O-O-O 22. Nh4 Bd5 23. Bc4 Be4 24. Bd3 Nxd3 25. cxd3 Bd5 26. Qb5 Kb7 27.
Nxf5 Qf8 28. Nh4 Bc6 29. Qc4 g5 30. fxg5 Rxg5 31. Rg1 Qf2 32. Rc1 Rxg3 33. Rxd7
Bxd7 34. Qxc7+ Ka6 35. Qxd8 Qxd4 36. Rc3 Rxd3 37. Rxd3 Qxd3+ 38. Ka2 Qc4+ 39.
Ka1 Qa4+ 40. Kb1 Qd1+ 41. Ka2 Qd5+ 42. b3 Qa5+ 43. Kb1 Qe1+ 44. Ka2 Qf2+ 45.
Ka3 Qc5+ 46. Ka2 Qc2+ 47. Ka3 Qc1+ 48. Ka2 Qd2+ 49. Kb1 Kb5 50. Qe7 Bc6 51. Qh7
Kb4 52. Qe7+ Kxb3 53. Qxe6+ Bd5 54. Qh3+ Kb4 55. Qg4+ Bc4 56. e6 Kb3 57. Qf3+
Bd3+ 0-1

[Event "VI Festival A"]
[Site "Trieste ITA"]
[Date "2004.09.10"]
[Round "7"]
[White "Grudina, Marco"]
[Black "Arcion, Riccardo"]
[Result "1/2-1/2"]
[WhiteElo "1769"]
[BlackElo "1970"]
[PlyCount "102"]
[EventDate "2004.09.04"]

1. e4 c5 2. Nf3 Nc6 3. d4 cxd4 4. Nxd4 d6 5. Nc3 g6 6. Be3 Bg7 7. Qd2 Nxd4 8.
Bxd4 Nf6 9. O-O-O O-O 10. f3 Be6 11. g4 Qa5 12. a3 Rac8 13. Kb1 Kh8 14. h4 Nd7
15. g5 Bxd4 16. Qxd4+ Qe5 17. Qxe5+ Nxe5 18. f4 Ng4 19. Rd2 Ne3 20. Bd3 d5 21.
exd5 Nxd5 22. Nxd5 Bxd5 23. Re1 e6 24. Be4 Bxe4 25. Rxe4 Rc7 26. Red4 Kg7 27.
c3 a6 28. Rd7 Rfc8 29. Rxc7 Rxc7 30. Rd4 h6 31. Kc2 hxg5 32. hxg5 f6 33. gxf6+
Kxf6 34. Kd3 Kf5 35. Ke3 Rh7 36. Rb4 Rh3+ 37. Kf2 b5 38. Kg2 Re3 39. Kf2 Re4
40. Kf3 Rxb4 41. axb4 e5 42. fxe5 Kxe5 43. b3 g5 44. Ke3 g4 45. c4 bxc4 46.
bxc4 g3 47. c5 Kd5 48. Kf3 a5 49. bxa5 Kxc5 50. Kxg3 Kb5 51. a6 Kxa6 1/2-1/2

[Event "VI Festival A"]
[Site "Trieste ITA"]
[Date "2004.09.10"]
[Round "7"]
[White "Jurkovic, Hrvoje"]
[Black "Golubovic, Boris"]
[Result "1/2-1/2"]
[WhiteElo "2432"]
[BlackElo "2428"]
[PlyCount "35"]
[EventDate "2004.09.04"]

1. e4 c6 2. d4 d5 3. Nc3 dxe4 4. Nxe4 Bf5 5. Ng3 Bg6 6. h4 h6 7. Nf3 Nf6 8. h5
Bh7 9. Bd3 Bxd3 10. Qxd3 e6 11. Bf4 Bd6 12. Bxd6 Qxd6 13. O-O-O Nbd7 14. Kb1
O-O-O 15. Ne4 Nxe4 16. Qxe4 Nf6 17. Qe2 Qc7 18. Ne5 1/2-1/2

[Event "VI Festival A"]
[Site "Trieste ITA"]
[Date "2004.09.10"]
[Round "7"]
[White "Nedimovic, Ljubisa"]
[Black "Stantic, Severino"]
[Result "1-0"]
[WhiteElo "2200"]
[BlackElo "2100"]
[PlyCount "35"]
[EventDate "2004.09.04"]

1. d4 d5 2. Nf3 e6 3. e3 Nf6 4. Bd3 c5 5. b3 Nbd7 6. Bb2 Be7 7. O-O O-O 8. Nbd2
b6 9. Ne5 Bb7 10. f4 Ne4 11. c4 Ndf6 12. Ndf3 Rc8 13. Rc1 Nd6 14. Qe2 Nfe4 15.
Rfd1 Qe8 16. Nd2 f6 17. Ng4 Qh5 18. Bxe4 1-0

[Event "VI Festival A"]
[Site "Trieste ITA"]
[Date "2004.09.10"]
[Round "7"]
[White "Padovani, Alessio"]
[Black "Moratto, Davide"]
[Result "1-0"]
[WhiteElo "1912"]
[BlackElo "1759"]
[PlyCount "113"]
[EventDate "2004.09.04"]

1. c4 e5 2. g3 Nf6 3. Bg2 Nc6 4. Nc3 Bc5 5. e3 d6 6. d3 O-O 7. Nge2 Bd7 8. a3
a5 9. b3 Re8 10. O-O Qc8 11. Bb2 Bh3 12. d4 Bxg2 13. Kxg2 Ba7 14. Nb5 e4 15.
Nxa7 Rxa7 16. h3 d5 17. Rc1 Ne7 18. Nc3 c6 19. a4 Ra8 20. Ba3 Qd7 21. Bxe7 Rxe7
22. cxd5 Nxd5 23. Nxd5 Qxd5 24. Rc5 Qd6 25. Qc2 g6 26. Qc3 Qd8 27. Rc1 Re6 28.
Rd1 Rd6 29. Rc1 Rd5 30. Rxd5 Qxd5 31. Qc4 Rd8 32. Qxd5 Rxd5 33. g4 Kf8 34. f3
f5 35. Kg3 Kf7 36. fxe4 fxe4 37. Kf4 h5 38. Kxe4 hxg4 39. hxg4 Ke6 40. Rc5 g5
41. Rxd5 cxd5+ 42. Kf3 Kd6 43. e4 Ke6 44. exd5+ Kxd5 45. Ke3 b6 46. Kd3 Kd6 47.
Ke4 Ke6 48. d5+ Kd6 49. Kd4 Kd7 50. Ke5 Ke7 51. d6+ Kd7 52. Kd5 Kd8 53. Kc6 Kc8
54. d7+ Kd8 55. Kd6 b5 56. axb5 a4 57. b6 1-0

[Event "VI Festival A"]
[Site "Trieste ITA"]
[Date "2004.09.10"]
[Round "7"]
[White "Pasquotto, Mirko"]
[Black "Padjen, Zdenko"]
[Result "0-1"]
[WhiteElo "1778"]
[BlackElo "2099"]
[PlyCount "52"]
[EventDate "2004.09.04"]

1. e4 c5 2. Nf3 g6 3. d4 cxd4 4. Nxd4 Nf6 5. Nc3 Nc6 6. Be3 Bg7 7. f3 O-O 8.
Bc4 Qb6 9. Qd2 Nxe4 10. Nxc6 Nxd2 11. Nxe7+ Kh8 12. Bxb6 Nxc4 13. Bc5 d6 14.
Bf2 Re8 15. Ncd5 Bxb2 16. Rb1 Bc3+ 17. Kd1 Bg7 18. Nxg6+ fxg6 19. Nc7 Bf5 20.
Nxe8 Rxe8 21. Rxb7 Nb2+ 22. Kd2 Rc8 23. Bxa7 Rxc2+ 24. Ke3 Nc4+ 25. Kf4 Be5+
26. Kg5 Rxg2+ 0-1

[Event "VI Festival A"]
[Site "Trieste ITA"]
[Date "2004.09.10"]
[Round "7"]
[White "Plani, Andrea"]
[Black "Toth, Andras"]
[Result "0-1"]
[WhiteElo "1706"]
[BlackElo "2082"]
[PlyCount "68"]
[EventDate "2004.09.04"]

1. Nf3 Nf6 2. g3 g6 3. Bg2 Bg7 4. c4 O-O 5. Nc3 d6 6. d3 e5 7. Bd2 Nc6 8. a3
Re8 9. Ng5 h6 10. Nge4 Nh7 11. Nd5 Nd4 12. e3 Ne6 13. O-O a5 14. Be1 Rf8 15. b4
f5 16. Nd2 c6 17. Nc3 e4 18. Nb3 axb4 19. axb4 Rxa1 20. Nxa1 d5 21. cxd5 cxd5
22. d4 Nf6 23. Nb3 b6 24. Qe2 Qd6 25. Nb5 Ba6 26. Nxd6 Bxe2 27. Bd2 Bxf1 28.
Bxf1 Nc7 29. Nb5 Nxb5 30. Bxb5 Rc8 31. Be2 Bf8 32. h3 Kf7 33. Bd1 Ke6 34. Nc1
Bxb4 0-1

[Event "VI Festival A"]
[Site "Trieste ITA"]
[Date "2004.09.10"]
[Round "7"]
[White "Varini, Massimo"]
[Black "Punteri, Marco"]
[Result "1-0"]
[WhiteElo "2061"]
[BlackElo "2051"]
[PlyCount "69"]
[EventDate "2004.09.04"]

1. e4 c5 2. Nf3 Nc6 3. d4 cxd4 4. Nxd4 Nf6 5. Nxc6 bxc6 6. Bd3 g6 7. O-O Bg7 8.
Kh1 O-O 9. f4 d5 10. e5 Ng4 11. Qe1 c5 12. h3 Nh6 13. b3 Bf5 14. Ba3 Rc8 15.
Nc3 Kh8 16. Rd1 e6 17. Qf2 g5 18. g4 Bxd3 19. Rxd3 gxf4 20. Bxc5 Rg8 21. Bd4
Qg5 22. Qxf4 Qg6 23. Rd2 a6 24. Rff2 Rc7 25. Nd1 Rgc8 26. c3 Ng8 27. h4 Bh6 28.
g5 Bf8 29. Ne3 Qh5 30. Nf1 Rxc3 31. Bxc3 Rxc3 32. Ng3 Qg6 33. Qxf7 Qb1+ 34. Rf1
Rc1 35. Qxf8 1-0

[Event "VI Festival A"]
[Site "Trieste ITA"]
[Date "2004.09.10"]
[Round "7"]
[White "Videki, Sandor"]
[Black "Drazic, Sinisa"]
[Result "1-0"]
[WhiteElo "2409"]
[BlackElo "2461"]
[PlyCount "81"]
[EventDate "2004.09.04"]

1. e4 e6 2. d4 c5 3. Nf3 cxd4 4. Nxd4 a6 5. c4 Nf6 6. Nc3 Qc7 7. a3 d6 8. Be3
e5 9. Nc2 Be6 10. Nb4 Nbd7 11. Rc1 Rc8 12. Be2 Be7 13. O-O O-O 14. Qd2 Qb8 15.
Nbd5 Bd8 16. b3 Bxd5 17. exd5 Bb6 18. Bd3 Qc7 19. Kh1 Rfe8 20. Bf5 g6 21. Bg5
Rb8 22. g4 Kg7 23. Bxd7 Nxd7 24. Ne4 f6 25. Bh4 Bd4 26. f4 Rf8 27. Rf3 Kg8 28.
f5 Nc5 29. Nxc5 dxc5 30. fxg6 hxg6 31. Rxf6 Qh7 32. Qg5 Rxf6 33. Qxf6 Rf8 34.
Qe6+ Kg7 35. Qe7+ Rf7 36. Bf6+ Kg8 37. Qe8+ Rf8 38. Qe6+ Rf7 39. Rf1 g5 40. Rf5
Be3 41. Bxe5 1-0

[Event "VI Festival A"]
[Site "Trieste ITA"]
[Date "2004.09.11"]
[Round "8"]
[White "Arcion, Riccardo"]
[Black "Padovani, Alessio"]
[Result "1-0"]
[WhiteElo "1970"]
[BlackElo "1912"]
[PlyCount "65"]
[EventDate "2004.09.04"]

1. d4 f5 2. h3 e6 3. g4 g6 4. Nf3 Bg7 5. Nc3 Nf6 6. Qd3 Nc6 7. a3 d5 8. Bg5 O-O
9. O-O-O Qe8 10. Bxf6 Bxf6 11. g5 Bg7 12. h4 a6 13. e3 b5 14. Ne2 Na5 15. Nf4
c6 16. h5 gxh5 17. Nxh5 Nc4 18. Nxg7 Kxg7 19. Be2 e5 20. dxe5 Kg8 21. Qd4 Be6
22. Bxc4 bxc4 23. g6 Rd8 24. Rxh7 Qxg6 25. Rg1 Qxg1+ 26. Nxg1 Kxh7 27. Qh4+ Kg7
28. Qe7+ Bf7 29. e6 Rde8 30. Qg5+ Bg6 31. Nh3 a5 32. Nf4 Rf6 33. Nh5+ 1-0

[Event "VI Festival A"]
[Site "Trieste ITA"]
[Date "2004.09.11"]
[Round "8"]
[White "Bednarich, Jan"]
[Black "De Poi, Paolo"]
[Result "1/2-1/2"]
[WhiteElo "2198"]
[BlackElo "2223"]
[PlyCount "47"]
[EventDate "2004.09.04"]

1. e4 c5 2. Nf3 d6 3. Bb5+ Bd7 4. Bxd7+ Qxd7 5. O-O Nc6 6. Re1 Nf6 7. c3 e6 8.
d4 cxd4 9. cxd4 d5 10. e5 Ne4 11. Nbd2 Nxd2 12. Bxd2 Rc8 13. Rc1 Be7 14. Rc3
O-O 15. Rd3 f5 16. exf6 Rxf6 17. a3 Bd6 18. Qe2 h6 19. Bc3 Rcf8 20. Re3 Nd8 21.
Bb4 Bxb4 22. axb4 a6 23. Rc1 Qa4 24. b5 1/2-1/2

[Event "VI Festival A"]
[Site "Trieste ITA"]
[Date "2004.09.11"]
[Round "8"]
[White "Bevilacqua, Andrea"]
[Black "Stantic, Severino"]
[Result "0-1"]
[WhiteElo "1736"]
[BlackElo "2100"]
[PlyCount "126"]
[EventDate "2004.09.04"]

1. e4 g6 2. d4 Bg7 3. c3 d6 4. f4 Nf6 5. e5 Nfd7 6. Nf3 e6 7. Bd3 Nc6 8. b3 Ne7
9. Ba3 Nb6 10. O-O O-O 11. Qe2 a5 12. g3 Re8 13. Nbd2 Nbd5 14. Rfc1 dxe5 15.
dxe5 b6 16. c4 Nb4 17. Be4 Ra7 18. Nf1 Bd7 19. Rd1 Qc8 20. Ne3 Bc6 21. Bxc6
Nexc6 22. Ng4 Ra8 23. Ng5 h5 24. Nf6+ Bxf6 25. exf6 e5 26. Bxb4 Nxb4 27. fxe5
Qf5 28. Nf3 Qxf6 29. Rd7 Qf5 30. Rad1 Rac8 31. a3 Na6 32. R7d5 Nc5 33. Rf1 Qg4
34. Kg2 Ne6 35. Kh1 Kg7 36. Qf2 Re7 37. Rd3 Rce8 38. Nd2 Ng5 39. Rd4 Qe6 40.
Qf6+ Kh6 41. Nf3 Nxf3 42. Rxf3 Qxf6 43. exf6 Re1+ 44. Kg2 R8e2+ 45. Rf2 Rxf2+
46. Kxf2 Re6 47. Rf4 g5 48. Rd4 Rxf6+ 49. Ke3 Re6+ 50. Kf3 Rd6 51. Rxd6+ cxd6
52. b4 axb4 53. axb4 f5 54. Ke3 Kg6 55. Kd4 f4 56. gxf4 gxf4 57. h3 Kg5 58. Ke4
Kh4 59. Kxf4 Kxh3 60. Kf3 h4 61. b5 Kh2 62. Kf2 h3 63. Kf1 Kg3 0-1

[Event "VI Festival A"]
[Site "Trieste ITA"]
[Date "2004.09.11"]
[Round "8"]
[White "Brecevich, Andrea"]
[Black "Chiandussi, Livio"]
[Result "0-1"]
[WhiteElo "1897"]
[BlackElo "1515"]
[PlyCount "91"]
[EventDate "2004.09.04"]

1. e4 e6 2. d4 d5 3. Nd2 Nf6 4. e5 Nfd7 5. Bd3 c5 6. c3 Nc6 7. Ne2 Qb6 8. Nf3
f6 9. exf6 Nxf6 10. Ne5 Nxe5 11. dxe5 Nd7 12. f4 c4 13. Bc2 Bc5 14. Nd4 O-O 15.
Qh5 h6 16. Qg6 Bxd4 17. Qh7+ Kf7 18. Bg6+ Ke7 19. Qxg7+ Kd8 20. cxd4 Qxd4 21.
Bd2 Qxb2 22. Rb1 Qa3 23. Bb4 Qe3+ 24. Kd1 Qd4+ 25. Kc2 Qf2+ 26. Bd2 a5 27. Rhf1
Qc5 28. f5 d4 29. Bxh6 Qa3 30. Rf3 d3+ 31. Kd1 Qxa2 32. Rxd3 Qxb1+ 33. Ke2
Qxd3+ 34. Kf2 Qd4+ 35. Be3 Qb2+ 36. Kg1 Ra6 37. Bc5 Qe2 38. Qe7+ Kc7 39. Bd6+
Kc6 40. h3 Qe3+ 41. Kh2 Rxf5 42. Bxf5 Qf4+ 43. Kg1 Qxf5 44. g4 Qb1+ 45. Kh2
Qc2+ 46. Kg1 0-1

[Event "VI Festival A"]
[Site "Trieste ITA"]
[Date "2004.09.11"]
[Round "8"]
[White "Buzzurro, Mario"]
[Black "Zorat, Paolo"]
[Result "0-1"]
[WhiteElo "1700"]
[BlackElo "2000"]
[PlyCount "172"]
[EventDate "2004.09.04"]

1. d4 Nf6 2. e3 c5 3. c3 e6 4. Nf3 b6 5. b3 Bb7 6. Be2 d5 7. Bb2 Bd6 8. Nbd2
Nc6 9. Rc1 O-O 10. c4 cxd4 11. Nxd4 Nxd4 12. Bxd4 dxc4 13. Nxc4 Bb4+ 14. Kf1
Rc8 15. a3 Be7 16. b4 Qd5 17. f3 Rfd8 18. Kf2 Ng4+ 19. Ke1 e5 20. Bb2 Qe6 21.
Qb3 b5 22. Nd2 Bd5 23. Qd3 Bc4 24. Qe4 f5 25. Bxc4 bxc4 26. Qb7 Nf2 27. Bc3
Nxh1 28. Kf1 Rd3 29. Ke2 Rcd8 30. Qb5 R3d5 31. Qxc4 Rxd2+ 32. Bxd2 Qxc4+ 33.
Rxc4 Nf2 34. Rc7 Kf8 35. Rxa7 Nd3 36. g3 e4 37. f4 Rc8 38. h3 Rc2 39. Kd1 Ra2
40. Ra8+ Kf7 41. Ra7 Ke6 42. b5 Rxa3 43. b6 Rb3 44. b7 Nc5 45. g4 Rxb7 46. Ra8
Rb1+ 47. Kc2 Rh1 48. gxf5+ Kxf5 49. Ra5 Ke6 50. Bb4 Nd7 51. Ra6+ Kf7 52. Ra7
Bxb4 53. Rxd7+ Be7 54. Rd4 Rxh3 55. Rxe4 Rf3 56. Kd2 h5 57. Ke2 Rg3 58. Kf2 h4
59. Rc4 Rg4 60. Rc1 Ke6 61. Kf3 Rg3+ 62. Kf2 Kf5 63. Rc7 Bf6 64. Rc4 Kg4 65.
Ra4 Rf3+ 66. Ke2 Kg3 67. Ra8 Kg2 68. Rh8 Rf2+ 69. Ke1 Bc3+ 70. Kd1 h3 71. Rh5
h2 72. Rg5+ Kf3 73. Rh5 Rf1+ 74. Kc2 h1=Q 75. Rxh1 Rxh1 76. Kd3 Re1 77. f5
Rxe3+ 78. Kc4 Ke4 79. f6 Bxf6 80. Kc5 g5 81. Kd6 g4 82. Ke6 Rf3 83. Kf7 g3 84.
Kg8 Bb2 85. Kh7 g2 86. Kh6 g1=Q 0-1

[Event "VI Festival A"]
[Site "Trieste ITA"]
[Date "2004.09.11"]
[Round "8"]
[White "Costariol, Elena"]
[Black "Devetak, Robert"]
[Result "1/2-1/2"]
[WhiteElo "1554"]
[BlackElo "1488"]
[PlyCount "69"]
[EventDate "2004.09.04"]

1. e4 e6 2. d4 d5 3. Nc3 Bb4 4. e5 c5 5. a3 Bxc3+ 6. bxc3 c4 7. Qg4 Ne7 8. Qxg7
Ng6 9. Qh6 Qh4 10. Qxh4 Nxh4 11. g3 Nf5 12. Bg2 Nc6 13. Nf3 Bd7 14. Bg5 Nce7
15. O-O Ba4 16. Ra2 Kd7 17. Rb2 b5 18. g4 Ng7 19. Bf6 Rag8 20. h4 h6 21. Nd2
Rh7 22. h5 Ne8 23. Bxe7 Kxe7 24. Bh3 Nc7 25. Kh2 Rhg7 26. f4 Rf8 27. f5 exf5
28. Rxf5 f6 29. Nf1 fxe5 30. Rxe5+ Kd6 31. Ne3 Rh7 32. Nf5+ Kc6 33. Ne7+ Kd6
34. Nf5+ Kc6 35. Ne7+ 1/2-1/2

[Event "VI Festival A"]
[Site "Trieste ITA"]
[Date "2004.09.11"]
[Round "8"]
[White "Drazic, Sinisa"]
[Black "Jurkovic, Hrvoje"]
[Result "1-0"]
[WhiteElo "2461"]
[BlackElo "2432"]
[PlyCount "85"]
[EventDate "2004.09.04"]

1. d4 d5 2. c4 Nc6 3. cxd5 Qxd5 4. e3 e5 5. Nc3 Bb4 6. Bd2 Bxc3 7. bxc3 Nf6 8.
f3 O-O 9. c4 Qd6 10. d5 Ne7 11. e4 c6 12. Be3 Nd7 13. Ne2 f5 14. Nc3 Nc5 15.
Be2 fxe4 16. fxe4 Bd7 17. Bf3 cxd5 18. cxd5 b5 19. O-O b4 20. Ne2 a5 21. Qd2
Rab8 22. Rfc1 Rfc8 23. Rab1 Ng6 24. g3 Bb5 25. h4 Nxh4 26. gxh4 Qg6+ 27. Bg5 h6
28. Qe3 hxg5 29. Rxc5 gxh4+ 30. Kf2 Rf8 31. Rg1 Qb6 32. Rg5 h3 33. Ng3 Bd7 34.
Nf5 Bxf5 35. exf5 a4 36. Rc1 Qxe3+ 37. Kxe3 b3 38. d6 e4 39. Bxe4 Rfd8 40. axb3
axb3 41. Bd5+ Kf8 42. f6 Re8+ 43. Kd2 1-0

[Event "VI Festival A"]
[Site "Trieste ITA"]
[Date "2004.09.11"]
[Round "8"]
[White "Golubovic, Boris"]
[Black "Varini, Massimo"]
[Result "1-0"]
[WhiteElo "2428"]
[BlackElo "2061"]
[PlyCount "71"]
[EventDate "2004.09.04"]

1. c4 Nf6 2. g3 g6 3. Bg2 Bg7 4. Nc3 O-O 5. e4 d6 6. Nge2 c5 7. O-O Nc6 8. d3
Rb8 9. h3 a6 10. a4 Nd7 11. Rb1 e6 12. f4 f5 13. Kh2 Nf6 14. Be3 e5 15. Qd2 Bd7
16. b3 Nd4 17. fxe5 dxe5 18. exf5 Bxf5 19. Nd5 Kh8 20. Nxd4 cxd4 21. Bg5 Qd6
22. Bxf6 Bxf6 23. c5 Qd8 24. Nxf6 Rxf6 25. b4 Bd7 26. Qg5 Re6 27. Qxd8+ Rxd8
28. b5 axb5 29. axb5 Rc8 30. Rf7 Be8 31. Rxb7 Rxc5 32. Rb2 g5 33. b6 e4 34.
Bxe4 Rxe4 35. dxe4 d3 36. Rc7 1-0

[Event "VI Festival A"]
[Site "Trieste ITA"]
[Date "2004.09.11"]
[Round "8"]
[White "Laco, Giuseppe"]
[Black "Oblak, Mitja"]
[Result "0-1"]
[WhiteElo "2107"]
[BlackElo "1556"]
[PlyCount "180"]
[EventDate "2004.09.04"]

1. c4 c5 2. Nc3 Nf6 3. e4 Nc6 4. f4 d6 5. d3 Bg4 6. Qd2 g6 7. h3 Bd7 8. Nf3 Bg7
9. Qf2 e6 10. Be3 b6 11. g4 a6 12. Bg2 Rb8 13. O-O O-O 14. e5 dxe5 15. Nxe5
Nxe5 16. fxe5 Ne8 17. Bf4 Bc8 18. Rad1 Bb7 19. d4 cxd4 20. Qxd4 Bxg2 21. Qxd8
Rxd8 22. Kxg2 Nc7 23. Ne4 b5 24. b3 bxc4 25. bxc4 a5 26. g5 Na6 27. a3 Rc8 28.
Rd4 Nc5 29. Nd6 Rc6 30. Rb1 Nd7 31. Rb5 Rc5 32. Rxc5 Nxc5 33. Nb5 Rc8 34. Kf3
a4 35. h4 Nb3 36. Re4 Nc5 37. Re3 Nd7 38. Nd6 Rc5 39. Ne4 Rxc4 40. Nf6+ Nxf6
41. exf6 Bf8 42. Rd3 Rc8 43. Be3 Rb8 44. Ke4 Ra8 45. Kf3 Rb8 46. Ke2 Rc8 47.
Kd2 Rc6 48. Ke2 Rc2+ 49. Kd1 Rc6 50. Bd2 Rd6 51. Rc3 Rd8 52. Kc2 Bd6 53. Bc1
Kf8 54. Rc4 Ra8 55. Kb2 Be5+ 56. Ka2 Ke8 57. h5 Kd7 58. hxg6 hxg6 59. Be3 Rb8
60. Bd4 Kd6 61. Rxa4 Bxd4 62. Rxd4+ Ke5 63. Rd7 Rf8 64. Rb7 Kf4 65. Kb3 Kxg5
66. a4 Kxf6 67. a5 Ra8 68. Ka4 g5 69. Rb4 Kf5 70. Rb7 f6 71. Rg7 e5 72. Kb5 Kf4
73. a6 e4 74. Kb6 e3 75. Re7 f5 76. Kb7 Rg8 77. a7 Kf3 78. Rc7 e2 79. Rc8 Rxc8
80. Kxc8 e1=Q 81. a8=Q+ Qe4 82. Qa3+ Kg4 83. Qc1 f4 84. Qg1+ Kh5 85. Qh2+ Kg6
86. Kd7 g4 87. Qh4 Qd5+ 88. Kc7 Qf7+ 89. Kb8 Kf5 90. Qf2 Qe8+ 0-1

[Event "VI Festival A"]
[Site "Trieste ITA"]
[Date "2004.09.11"]
[Round "8"]
[White "Moratto, Davide"]
[Black "Tonel, Giulia"]
[Result "1-0"]
[WhiteElo "1759"]
[BlackElo "1670"]
[PlyCount "69"]
[EventDate "2004.09.04"]

1. e4 e5 2. Nf3 Nc6 3. Bb5 a6 4. Ba4 Nf6 5. O-O Be7 6. Re1 b5 7. Bb3 O-O 8. a4
Bb7 9. axb5 axb5 10. Rxa8 Qxa8 11. d3 h6 12. Nbd2 Bc5 13. h3 Qa7 14. Qe2 Nh5
15. Nf1 d6 16. Be3 Bxe3 17. Nxe3 Nf4 18. Qd1 Nd4 19. Nxd4 Qxd4 20. Nf5 Qxb2 21.
Qg4 g6 22. Nxh6+ Kg7 23. Nf5+ Kg8 24. g3 Qc3 25. Rd1 Kh7 26. gxf4 gxf5 27.
Qxf5+ Kh8 28. Qh5+ Kg7 29. Kh2 d5 30. Rg1+ Kf6 31. Qf5+ Ke7 32. fxe5 dxe4 33.
dxe4 Qd4 34. Qf6+ Ke8 35. Bxf7+ 1-0

[Event "VI Festival A"]
[Site "Trieste ITA"]
[Date "2004.09.11"]
[Round "8"]
[White "Nedimovic, Ljubisa"]
[Black "Videki, Sandor"]
[Result "1/2-1/2"]
[WhiteElo "2200"]
[BlackElo "2409"]
[PlyCount "83"]
[EventDate "2004.09.04"]

1. d4 Nf6 2. Bg5 d5 3. Bxf6 exf6 4. e3 c6 5. Nd2 Be6 6. Ne2 Bd6 7. g3 Qe7 8.
Bg2 Nd7 9. O-O h5 10. Nf4 h4 11. c4 dxc4 12. d5 cxd5 13. Nxd5 Bxd5 14. Bxd5
hxg3 15. hxg3 Nb6 16. Nxc4 Nxd5 17. Qxd5 O-O-O 18. Nxd6+ Rxd6 19. Qf5+ Kb8 20.
Rfd1 Rhd8 21. Rxd6 Qxd6 22. Rc1 g6 23. Qc2 a6 24. Qc4 Qe7 25. b4 Qd7 26. a4 g5
27. Qb3 Rh8 28. Rd1 Qg4 29. Qd5 Qxb4 30. Qd6+ Qxd6 31. Rxd6 Rc8 32. Rxf6 Rc4
33. Rxf7 Rxa4 34. f4 b5 35. f5 Re4 36. f6 Re6 37. e4 Kc8 38. e5 Rxe5 39. Ra7
Rf5 40. Rxa6 Kb7 41. Re6 b4 42. Re4 1/2-1/2

[Event "VI Festival A"]
[Site "Trieste ITA"]
[Date "2004.09.11"]
[Round "8"]
[White "Padjen, Zdenko"]
[Black "Battisti, Eugenio"]
[Result "0-1"]
[WhiteElo "2099"]
[BlackElo "2000"]
[PlyCount "96"]
[EventDate "2004.09.04"]

1. e4 Nf6 2. e5 Nd5 3. c4 Nb6 4. c5 Nd5 5. Nc3 c6 6. Nxd5 cxd5 7. Qb3 e6 8. d4
Nc6 9. Nf3 b6 10. Qc3 bxc5 11. dxc5 a5 12. Bb5 Qc7 13. Be3 Be7 14. O-O O-O 15.
Rfc1 f6 16. Bxc6 dxc6 17. Bd4 Bd7 18. b3 f5 19. Qe1 Be8 20. Bb2 Bg6 21. Nd4 Bf7
22. f4 Rfb8 23. a3 Rb7 24. b4 Rab8 25. Bc3 Kh8 26. Bd2 h6 27. Rab1 axb4 28.
axb4 Qc8 29. Ra1 Be8 30. Qe2 Kh7 31. b5 cxb5 32. c6 Rb6 33. Ra7 Bf8 34. Ba5
Bxc6 35. Bxb6 Rxb6 36. Ra2 Qb7 37. Rac2 Be8 38. Rc8 Qf7 39. R8c7 Qg6 40. R1c3
b4 41. Rg3 Qh5 42. Qxh5 Bxh5 43. Rb3 Bd1 44. Rb1 Ba4 45. Kf2 b3 46. Ra7 Be8 47.
Nxb3 Rxb3 48. Rxb3 Bc5+ 0-1

[Event "VI Festival A"]
[Site "Trieste ITA"]
[Date "2004.09.11"]
[Round "8"]
[White "Plani, Andrea"]
[Black "Punteri, Marco"]
[Result "1-0"]
[WhiteElo "1706"]
[BlackElo "2051"]
[PlyCount "99"]
[EventDate "2004.09.04"]

1. Nf3 Nf6 2. g3 g6 3. Bg2 Bg7 4. c4 O-O 5. Nc3 d6 6. O-O c6 7. d3 a6 8. a4 a5
9. Qc2 Na6 10. Na2 e5 11. Rb1 Nh5 12. b4 axb4 13. Nxb4 Nc5 14. Be3 Ne6 15. Na2
f5 16. Bb6 Qe7 17. a5 f4 18. Nc3 Nf6 19. e3 fxe3 20. fxe3 Nc5 21. d4 Bf5 22.
Qd2 Ncd7 23. Ra1 Ng4 24. d5 Bh6 25. h3 Nxb6 26. hxg4 Nxc4 27. Qe2 Nxe3 28. gxf5
Nxf5 29. Kh2 Ne3 30. Rfb1 cxd5 31. Nxd5 Ng4+ 32. Kh3 Qf7 33. Nh4 Nf2+ 34. Kh2
g5 35. Ne3 Qd7 36. Rxb7 Qc8 37. Bd5+ Kh8 38. Nhf5 Rxf5 39. Nxf5 Qxf5 40. Kg2
Rf8 41. Rf7 Rxf7 42. Bxf7 Qxf7 43. Qxf2 Qd5+ 44. Qf3 Qd2+ 45. Kh3 g4+ 46. Qxg4
Be3 47. Rf1 Bg5 48. Qc8+ Kg7 49. Qd7+ Kh6 50. Qe6+ 1-0

[Event "VI Festival A"]
[Site "Trieste ITA"]
[Date "2004.09.11"]
[Round "8"]
[White "Spinetti, Paolo"]
[Black "Pasquotto, Mirko"]
[Result "0-1"]
[WhiteElo "2162"]
[BlackElo "1778"]
[PlyCount "60"]
[EventDate "2004.09.04"]

1. d4 Nf6 2. c4 e6 3. Nc3 Bb4 4. Bg5 d5 5. e3 O-O 6. Nf3 h6 7. Bxf6 Qxf6 8. Bd3
b6 9. O-O Bxc3 10. bxc3 Bb7 11. cxd5 exd5 12. Ne5 Qe6 13. Bb1 Nd7 14. Qd3 f5
15. f4 c5 16. Rf3 g5 17. Rg3 Nxe5 18. fxe5 Rf7 19. Bc2 g4 20. h3 h5 21. hxg4
hxg4 22. Rf1 Raf8 23. Rf4 Qh6 24. Bd1 Bc8 25. Qf1 Be6 26. Qe2 Rh7 27. Rf1 Qh2+
28. Kf2 Qh4 29. Qc2 Rg7 30. Qd2 Rgf7 0-1